Amarkosh: Shrimadmarasimha virachith. (Prathamkand). (Record no. 112536)
[ view plain ]
| 000 -LEADER | |
|---|---|
| fixed length control field | 00646nam a2200193Ia 4500 |
| 003 - CONTROL NUMBER IDENTIFIER | |
| control field | OSt |
| 005 - DATE AND TIME OF LATEST TRANSACTION | |
| control field | 20240508162313.0 |
| 008 - FIXED-LENGTH DATA ELEMENTS--GENERAL INFORMATION | |
| fixed length control field | 210210b1977 xxu||||| |||| 00| 0 eng d |
| 040 ## - CATALOGING SOURCE | |
| Transcribing agency | AL |
| 041 ## - LANGUAGE CODE | |
| Language code of text/sound track or separate title | Sanskrit |
| 082 ## - DEWEY DECIMAL CLASSIFICATION NUMBER | |
| Classification number | S491.3 AMAA |
| 100 ## - MAIN ENTRY--PERSONAL NAME | |
| Personal name | AMARASIMHA. |
| Dates associated with a name | अमरसिंह |
| 9 (RLIN) | 163809 |
| 245 ## - TITLE STATEMENT | |
| Title | Amarkosh: Shrimadmarasimha virachith. (Prathamkand). |
| Remainder of title | अमरकोश: श्रिमदमरसिंहविराचितः प्रथम खण्ड् |
| 260 ## - PUBLICATION, DISTRIBUTION, ETC. | |
| Place of publication, distribution, etc. | Varanasi. |
| Name of publisher, distributor, etc. | Bharatiy Samskrathik Sahity., |
| Date of publication, distribution, etc. | 1977 |
| 300 ## - PHYSICAL DESCRIPTION | |
| Extent | 30 |
| 690 ## - LOCAL SUBJECT ADDED ENTRY--TOPICAL TERM (OCLC, RLIN) | |
| Topical term or geographic name as entry element | Sanskrit Dictionaries |
| 9 (RLIN) | 163810 |
| 906 ## - LOCAL DATA ELEMENT F, LDF (RLIN) | |
| a | SG00945 |
| 942 ## - ADDED ENTRY ELEMENTS (KOHA) | |
| Source of classification or shelving scheme | Dewey Decimal Classification |
| Koha item type | Book |
| Withdrawn status | Lost status | Damaged status | Not for loan | Collection code | Home library | Current library | Shelving location | Date acquired | Cost, normal purchase price | Total Checkouts | Full call number | Barcode | Date last seen | Price effective from | Koha item type |
|---|---|---|---|---|---|---|---|---|---|---|---|---|---|---|---|
| St Aloysius Library | St Aloysius Library | 02/17/2021 | 0.00 | S491.3 AMAA | SG00945 | 02/17/2021 | 02/17/2021 | Special Grants |